Politique Française en K - Statistiques

Statistiques générales
  • Ce quiz a été pris 139 fois
  • Le résultat moyen est 5 sur 10
Statistiques - réponses
Hint Réponse % Correct
Marque allemande de nettoyeurs haute-pression, évoquée par Nicolas Sarkozy pour “nettoyer” les quartiers populaires Kärcher
96%
Pays non reconnu par la communauté internationale, sujet politique vif en France. La France soutient historiquement l’autodétermination de ce pays qui se trouve à cheval entre la Turquie, la Syrie, l’Irak et l’Iran. Kurdistan
73%
Titre original du livre fondateur de la pensée de Karl Marx, traduit en français et fondement idéologique de nombreux mouvements politiques français de gauche. Das Kapital
55%
Plusieurs fois ministre (Affaires étrangères, Santé), sous les gouvernements Fillon et Jospin, il est le cofondateur de Médecins sans frontières et de Médecins du Monde. Bernard Kouchner
53%
Théorie économique plaidant pour l’intervention de l’Etat dans l’économie afin de relancer la demande et soutenir l’emploi. Keynésianisme
50%
Ancienne ministre de l’écologie et du logement de Nicolas Sarkozy, elle a été son porte parole lors de la campagne présidentielle de 2012. Elle travaille aujourd’hui dans le secteur privé. Nathalie Kosciusko Morizet
44%
Macroniste, ancien ministre du Logement à l’initiative de la loi controversée “anti-squatteurs”, il est aujourd’hui ministre de la Fonction Publique. Guillaume Kasbarian
41%
Soixante-huitard, figure de la Ligue Communiste Révolutionnaire (LCR), il a été candidat à l’élection présidentielle en 1969 et 1974. Il a également été député européen entre 1999 et 2004. Alain Krivine
28%
Sénateur du Nord, il est l’un des politiques les plus proches de Martine Aubry. Il a été ministre de la Ville, de la Jeunesse et des Sports entre 2014 et 2017. Patrick Kanner
15%
Ancien secrétaire d’Etat chargé des relations avec le Parlement de Nicolas Sarkozy, il a été député européen, et est aujourd’hui sénateur. Il assume publiquement son homosexualité en 2009 et affirme avoir conclu un mariage de convenance avec une amie dans les années 80p pour faire couverture à son homosexualité. Roger Karoutchi
3%
Aucun quiz correspondant
Distribution des résultats
% des personnes avec chaque résultat
Percentile par nombre de réponses
Votre historique - résultats
Vous n’avez pas pris ce quiz